• 首页
  • 本馆介绍
  • 公告通知
  • 最新文献
  • 馆藏检索
  • 电子资源
  • 读者导购
  • 参考咨询
  • 我的图书馆
  • 登录
  • 详细信息显示
  • 放入我的书架
  • 预约/预借图书
  • 作者相关作品
  • 分类相关作品
  • 丛书相关作品
  • 出版社相关作品

书目信息

  • 表格格式
  • 工作单格式
  • 卡片格式
题名:
电影电视剪辑学
    
 
作者: 傅正义
分册:  
出版信息: 北京   北京广播学院出版社  2002
页数: 460
开本: 26cm
丛书名:
单 册:
中图分类: J932
科图分类:
主题词: 电影摄影 , 电视摄影
电子资源:
ISBN: 7-81004-696-9
000 00532nam0 2200193 450
001 0739037328
005 20070817105037.32
010    @a7-81004-696-9@b精装@d¥48.00
100    @a20070817d km y0chiy0120 ea
101 0  @achi
200 1  @a电影电视剪辑学@Adian ying dian shi jian ji xue@f傅正义@Ffu zheng yi
210    @a北京@c北京广播学院出版社@d2002
215    @a460@d26cm
606 0  @a电影摄影
606 0  @a电视摄影
690    @aJ932@v3
701  0 @a傅正义@Afu zheng yi
801  0 @aCN@bPFT@c20070817
905    @a213230@dJ932@eM39
    
    电影电视剪辑学/傅正义.-北京:北京广播学院出版社,2002
    460;26cm
    
    
    ISBN 7-81004-696-9(精装):¥48.00
    
●
相关链接 在E读中查询图书 在五车中查询图书 在当当中查询图书 在豆瓣中查询图书


正题名:电影电视剪辑学     索取号:J932/M39         预约/预借

序号 登录号 条形码 馆藏地/架位号 状态 备注
1 6400698   264006989   密集书库-美术系/ [索取号:J932/M39] 在馆    
唐山师范学院图书馆 欢迎您!
大连网信软件有限公司© 版权所有